00942nam a22002177a 4500001001400000003000900014005001700023008004100040040001300081082002100094100005200115245014100167260008100308300003500389500010800424650003000532650002500562650006600587700003600653700003500689BD-DhSAU 9530BD-DhSAU20260512102326.0260512b2013 bg a||||r|||| 000 0 eng d aBD-DhSAU 222a631.4bK1896 aISLAM, KAZI KAIMULeRegistration no. # 18-09069 aEnhancing soil fertility and carbon sequestration through organic and inorganic amendments sustainable crop production / bPh.D. Thesis aSher-e-bangla Agricultural University :bDepartment of Soil Science,c2023. axxii, 222 p. :bill. ;c30 cm. aPh.D thesis of Department of Soil Science,, Sher-e-bangla Agricultural University; Dhaka, Bangladesh  aEnhancing soil fertility  acarbon sequestration aorganic and inorganic amendments sustainable crop production  aProf. Alok Kumer PauleChairman aProf. Asaduzzaman KhaneMember